Taiwan, Eden in Asia

Сохранить в:
Библиографические подробности
Главный автор: Florence Drumwright
Формат:
Язык:Undetermined
Опубликовано: Taipei Caves Book Co. 1969
Предметы:
Метки: Добавить метку
Нет меток, Требуется 1-ая метка записи!
Thư viện lưu trữ: Trung tâm Học liệu Trường Đại học Cần Thơ
LEADER 00462nam a2200181Ia 4500
001 CTU_90664
008 210402s9999 xx 000 0 und d
082 |a 915.1249 
082 |b D795 
100 |a Florence Drumwright 
245 0 |a Taiwan, Eden in Asia 
245 0 |c Florence Drumwright 
260 |a Taipei 
260 |b Caves Book Co. 
260 |c 1969 
650 |a taiwan 
904 |i Nguyên 
980 |a Trung tâm Học liệu Trường Đại học Cần Thơ